[Event "Ch Netherlands (team) 2001/02"]
[Site "masterchessopen.com Netherlands"]
[Round "2"]
[White "Van Kooten Luuk (NED)"]
[Black "Feygin Michail (GER)"]
[Result "0-1"]
[WhiteElo "2252"]
[BlackElo "2461"]

1.d4 e6 2.c4 Nf6 3.Nc3 Bb4 4.e3 c5 5.Ne2 b6 6.a3 Ba5 7.Rb1 Qe7 8.Bd2 O-O 9.Nf4
Bb7 10.Be2 Nc6 11.dxc5 bxc5 12.O-O Bc7 13.Bf3 Rab8 14.Nd3 Ba6 15.Qa4 Qd6
16.Rfd1 Qxh2+ 17.Kf1 Na5 18.Ne2 Bxc4 19.Bxa5 Bb3 20.Bxc7 Qh1+ 21.Ng1 Bxa4
22.Rdc1 Bb5 23.Be2 Rbc8 {#R} 0-1

[Event "Memorial Wilbert Paige (cat.4)"]
[Site "masterchessopen.com New York (USA)"]
[Round "6"]
[White "Simutowe Amon (ZAM)"]
[Black "Nsubuga Grace (UGA)"]
[Result "1-0"]
[WhiteElo "2428"]
[BlackElo "2264"]

1.d4 Nf6 2.c4 e6 3.Nc3 Bb4 4.e3 c5 5.Ne2 cxd4 6.exd4 d5 7.c5 Ne4 8.Bd2 Nxd2
9.Qxd2 Nc6 10.a3 Ba5 11.b4 Bc7 12.f4 O-O 13.g3 b6 14.Bg2 bxc5 15.dxc5 Rb8
16.Rb1 Ne7 17.Nd4 e5 18.fxe5 Bxe5 19.O-O g6 20.Nxd5 Nxd5 21.Nc6 Qc7 22.Qxd5
Bg7 23.Nxb8 Be6 24.Na6 {#r} 1-0

[Event "It (open)"]
[Site "masterchessopen.com Nova Gorica (Slovenia)"]
[Round "4"]
[White "Sitnik Igor (SLO)"]
[Black "Jankovic Alojzije (CRO)"]
[Result "1-0"]
[WhiteElo "2281"]
[BlackElo "2251"]

1.d4 Nf6 2.c4 e6 3.Nc3 Bb4 4.e3 c5 5.Ne2 cxd4 6.exd4 d5 7.a3 Be7 8.cxd5 Nxd5
9.g3 Nxc3 10.Nxc3 Bd7 11.Bg2 Bc6 12.d5 exd5 13.Nxd5 O-O 14.O-O Bd6 15.Be3 Nd7
16.Rc1 Be5 17.Qb3 Kh8 18.Rfd1 Qa5 19.f4 Ba4 20.Qxb7 Rfb8 21.b4 Rxb7 22.bxa5
Bb2 23.Nb4 Rbb8 24.Bxa8 Rxa8 25.Rb1 Bxd1 26.Rxd1 Nf8 27.Rd3 a6 28.Rb3 Bf6
29.Nd5 Bd8 30.Bb6 Ne6 31.f5 Ng5 32.Re3 {#r} 1-0

[Event "Cup Nord-West"]
[Site "masterchessopen.com Oldenburg (Germany)"]
[Round "5"]
[White "Gaprindashvili Valeriane (GEO)"]
[Black "Enders Peter (GER)"]
[Result "1-0"]
[WhiteElo "2476"]
[BlackElo "2522"]

1.d4 Nf6 2.c4 e6 3.Nc3 Bb4 4.e3 c5 5.Ne2 cxd4 6.exd4 d5 7.a3 Bxc3+ 8.Nxc3 dxc4
9.Bxc4 Nc6 10.Be3 O-O 11.O-O b6 12.Qf3 Bb7 13.Bd3 Re8 14.Rad1 Nd5 15.Nxd5 exd5
16.Rc1 g6 17.Qg3 Qf6 18.Rfd1 Rac8 19.Bb5 h5 20.h4 a6 21.Be2 Kh7 22.Bf3 Qe6
23.Qf4 Ne7 24.Rc7 Bc6 25.Rc1 Rxc7 26.Qxc7 Bd7 27.Qb7 Bc8 28.Qa8 Bd7 29.Qxa6
Qd6 30.Qb7 Rc8 31.Rxc8 Bxc8 32.Qa7 Bg4 33.Bg5 f6 34.Bd2 {#r} 1-0

[Event "Cup European Club (final)"]
[Site "masterchessopen.com Panormo (Greece)"]
[Round "1"]
[White "Kruppa Yuri (UKR)"]
[Black "Edvardsson Kristjan (ISL)"]
[Result "1-0"]
[WhiteElo "2550"]
[BlackElo "2245"]

1.d4 Nf6 2.c4 e6 3.Nc3 Bb4 4.e3 c5 5.Ne2 cxd4 6.exd4 O-O 7.a3 Be7 8.Nf4 d5
9.cxd5 exd5 10.Be2 Nc6 11.Bf3 Re8 12.O-O Bd6 13.Nfxd5 Nxd5 14.Bxd5 Bf5 15.Be3
Qf6 16.Qh5 g6 17.Qd1 Rad8 18.Qd2 Bb8 19.Bg5 Qd6 20.g3 Rc8 21.Rad1 a6 22.Bf4
Qd7 23.Bxb8 Rxb8 24.Bg2 Rbd8 25.d5 Ne5 26.Qd4 Bh3 27.Ne4 Qf5 28.Bxh3 Nf3+
29.Kg2 Rxe4 30.Qd3 {#r} 1-0

[Event "It (cat.9)"]
[Site "masterchessopen.com Prerov (Czech Republic)"]
[Round "9"]
[White "Neverov Valeriy (UKR)"]
[Black "Berzinsh Roland (LAT)"]
[Result "1-0"]
[WhiteElo "2569"]
[BlackElo "2464"]

1.d4 Nf6 2.c4 e6 3.Nc3 Bb4 4.e3 c5 5.Ne2 cxd4 6.exd4 O-O 7.a3 Be7 8.d5 exd5
9.cxd5 Bc5 10.Na4 b6 11.Nxc5 bxc5 12.Nc3 Re8+ 13.Be2 Ba6 14.O-O Bxe2 15.Nxe2
d6 16.Bf4 Qb6 17.Ng3 Nbd7 18.Nf5 Ne5 19.Re1 Rad8 20.Bg5 Ned7 21.Qd2 Ne4
22.Bxd8 Qxd8 23.Qd3 {#r} 1-0

[Event "It (open)"]
[Site "masterchessopen.com Pula (Croatia)"]
[Round "4"]
[White "Zaja Ivan (CRO)"]
[Black "Orak Ljubomir (CRO)"]
[Result "1-0"]
[WhiteElo "2476"]
[BlackElo "2302"]

1.d4 Nf6 2.c4 e6 3.Nc3 Bb4 4.e3 c5 5.Ne2 d5 6.a3 Bxc3+ 7.Nxc3 cxd4 8.exd4 dxc4
9.Bxc4 Nc6 10.Be3 O-O 11.O-O b6 12.Qd3 Bb7 13.Rad1 h6 14.Bf4 Rc8 15.Ba2 Ne7
16.Be5 Nf5 17.Qh3 Ne4 18.d5 Ng5 19.Qg4 h5 20.Qxh5 Rxc3 21.Bxc3 Nh4 22.f4 {#r}
1-0

[Event "Ch Quebec (1/4 final)"]
[Site "masterchessopen.com Quebec (Canada)"]
[Round "1"]
[White "Lesiege Alexandre (CAN)"]
[Black "Beaulieu Eric (CAN)"]
[Result "1-0"]
[WhiteElo "2588"]
[BlackElo "2130"]

1.d4 Nf6 2.c4 e6 3.Nc3 Bb4 4.e3 c5 5.Ne2 b6 6.a3 Ba5 7.Rb1 Na6 8.Bd2 Bb7 9.Ng3
Bxc3 10.Bxc3 cxd4 11.Qxd4 Nc5 12.Be2 d5 13.b4 Ncd7 14.O-O e5 15.Qd2 O-O 16.Bf3
e4 17.Be2 Re8 18.Qb2 Qe7 19.cxd5 Bxd5 20.Bb5 Red8 21.Rfd1 Qe6 22.Bxd7 Rxd7
23.Bxf6 gxf6 24.Nh5 Rd6 25.Rd4 Kf8 26.Nf4 Qe5 27.Rxd5 Rxd5 28.Nxd5 Qxd5
29.Qxf6 Rd8 30.h4 h5 31.Rc1 a5 32.Qxb6 {#r} 1-0

[Event "It (open)"]
[Site "masterchessopen.com Sautron (France)"]
[Round "8"]
[White "Marcelin Cyril (FRA)"]
[Black "Rihouay Clement (FRA)"]
[Result "1-0"]
[WhiteElo "2439"]
[BlackElo "2110"]

1.d4 Nf6 2.c4 e6 3.Nc3 Bb4 4.e3 c5 5.Ne2 cxd4 6.exd4 d5 7.a3 Bxc3+ 8.Nxc3 O-O
9.c5 b6 10.b4 bxc5 11.dxc5 e5 12.Bg5 Be6 13.Bb5 h6 14.Bxf6 gxf6 15.Qf3 a6
16.Bc4 d4 17.Bxe6 dxc3 18.Rd1 Qe8 19.Bd5 {#r} 1-0

[Event "Ch Berlin (team)"]
[Site "masterchessopen.com Berlin (Germany)"]
[Date "2001.03.28"]
[Round "8"]
[White "Weiss-Nowack Christian (GER)"]
[Black "Troesch Thomas (GER)"]
[Result "0-1"]
[WhiteElo "2245"]
[BlackElo "2188"]

1.d4 Nf6 2.c4 e6 3.Nc3 Bb4 4.e3 c5 5.Ne2 cxd4 6.exd4 d5 7.c5 O-O 8.a3 Bxc3+
9.Nxc3 a5 10.Bg5 h6 11.Bh4 b6 12.b4 axb4 13.axb4 Rxa1 14.Qxa1 Nc6 15.Na2 Bd7
16.Be2 Qa8 17.Bxf6 Nxb4 18.O-O Qxa2 19.Qxa2 Nxa2 20.Be7 Re8 21.Bd6 Nc3 22.Bd3
bxc5 23.dxc5 e5 24.Ra1 e4 25.Bf1 d4 26.Ra3 Bb5 27.Bf4 Rc8 28.Bd6 d3 {#R} 0-1

[Event "It (open)"]
[Site "masterchessopen.com Southend (England)"]
[Date "2001.04.14"]
[Round "3"]
[White "Gavriel Tryfon (ENG)"]
[Black "Charleshouse Glenn L_ (ENG)"]
[Result "0-1"]
[WhiteElo "2177"]
[BlackElo "2192"]

1.c4 e6 2.d4 Nf6 3.Nc3 Bb4 4.e3 c5 5.Ne2 cxd4 6.exd4 O-O 7.a3 Be7 8.g3 d5
9.cxd5 exd5 10.Bg2 Nc6 11.O-O Bg4 12.f3 Bf5 13.g4 Be6 14.g5 Nh5 15.f4 Qd7
16.Bf3 Bg4 17.Bxd5 Rad8 18.Be3 Rfe8 19.Qd2 Bf8 20.Ng3 Nxg3 21.hxg3 Ne7 22.Be4
Nf5 23.Bf2 Nxd4 24.Bxd4 Qxd4+ 25.Qxd4 Rxd4 26.Rae1 Bc5 27.Bxh7+ Kxh7 28.Rxe8
Re4+ {#R} 0-1

[Event "Tournament (open)"]
[Site "masterchessopen.com Neukoelln (Germany)"]
[Date "2001.05.25"]
[Round "3"]
[White "Bornschein B (GER)"]
[Black "Kampf Guenther (GER)"]
[Result "1-0"]
[WhiteElo "2010"]
[BlackElo "2055"]

1.d4 Nf6 2.c4 e6 3.Nc3 Bb4 4.e3 c5 5.Ne2 d5 6.a3 Bxc3+ 7.Nxc3 cxd4 8.exd4 dxc4
9.Bxc4 Nc6 10.Be3 O-O 11.O-O b6 12.Qd3 Bb7 13.Rad1 Ne7 14.Bg5 Ng6 15.f4 Ne7
16.Bxf6 gxf6 17.d5 Nxd5 18.Nxd5 Bxd5 19.Bxd5 exd5 20.Rf3 Qe7 21.Rh3 Qe4
22.Qxd5 Qe2 23.Rf1 Rad8 24.Qf5 Rfe8 25.Qxh7+ Kf8 26.Qh6+ Ke7 27.f5 Qxb2
28.Qe3+ Kd7 29.Qd3+ Kc7 30.Qc4+ Kb8 31.Rc3 Rd2 32.Qc7+ Ka8 33.Qc6+ {#r} 1-0

[Event "Ch Ukraine (team)"]
[Site "masterchessopen.com Alushta (Ukraine)"]
[Round "8"]
[White "Kovalov Sergiy (UKR)"]
[Black "Yakivchik Myroslava (UKR)"]
[Result "1-0"]
[WhiteElo "2334"]
[BlackElo "2183"]

1.d4 Nf6 2.c4 e6 3.Nc3 Bb4 4.e3 c5 5.Ne2 cxd4 6.exd4 d5 7.a3 Be7 8.c5 b6 9.b4
O-O 10.g3 Ne4 11.Nxe4 dxe4 12.Bg2 Bb7 13.Be3 e5 14.O-O exd4 15.Bxd4 Na6
16.cxb6 axb6 17.Qb1 f5 18.Rd1 Qe8 19.Qb3+ Kh8 20.Bxb6 Bc6 21.Nc3 Bf6 22.Rac1
Rb8 23.Be3 g5 24.Bd4 Bxd4 25.Rxd4 Nc5 26.Qc4 Na4 27.Nxa4 Bxa4 28.Rd5 Rf7
29.Bf1 Bd7 30.Qd4+ {#r} 1-0

[Event "It (cat.8)"]
[Site "masterchessopen.com Alushta (Ukraine)"]
[Round "8"]
[White "Nikitin Andrey (RUS)"]
[Black "Konstantinov Alexandr (RUS)"]
[Result "1-0"]
[WhiteElo "2457"]
[BlackElo "2332"]

1.d4 Nf6 2.c4 e6 3.Nc3 Bb4 4.e3 c5 5.Ne2 b6 6.a3 Ba5 7.Rb1 Na6 8.Qa4 Bb7 9.Bd2
Bxc3 10.Nxc3 O-O 11.b4 cxb4 12.axb4 d6 13.f3 Nb8 14.Bd3 a6 15.O-O Nbd7 16.e4
e5 17.d5 Ne8 18.Be3 g6 19.Qa3 f5 20.Na4 fxe4 21.fxe4 Rxf1+ 22.Rxf1 Ng7 23.c5
bxc5 24.bxc5 dxc5 25.Nxc5 Nxc5 26.Bxc5 Qd7 27.Bc4 Kh8 28.Bf8 Nh5 29.Qb2 Re8
30.d6 Bxe4 31.Be7 Rxe7 32.dxe7 Qxe7 33.Qb8+ Kg7 34.Rf7+ {#r} 1-0

[Event "It (open)"]
[Site "masterchessopen.com Barcelona (Spain)"]
[Round "4"]
[White "Martinez Alfonso Jordi (ESP)"]
[Black "Boix Moreno Daniel (ESP)"]
[Result "0-1"]
[WhiteElo "2124"]
[BlackElo "2241"]

1.d4 Nf6 2.c4 e6 3.Nc3 Bb4 4.e3 c5 5.Ne2 b6 6.a3 Ba5 7.Rb1 Na6 8.Qa4 Qe7 9.Bd2
O-O 10.Ng3 cxd4 11.exd4 e5 12.d5 Bxc3 13.Bxc3 d6 14.Be2 Nc7 15.Qc2 b5 16.b3
Rb8 17.O-O bxc4 18.bxc4 Rxb1 19.Rxb1 Na6 20.Bd2 Qc7 21.Bg5 Nxd5 22.Bd3 Nf4
23.Bxh7+ Kh8 24.Be4 Nc5 25.Bf5 Nce6 26.Bxf4 exf4 27.Qd1 Kg8 28.Ne4 f3 29.Qxf3
Nd4 30.Qh5 Bxf5 31.Qxf5 {#R} 0-1

[Event "Ch Kreuzberg Chess Club"]
[Site "masterchessopen.com Berlin (Germany)"]
[Round "9"]
[White "Hildebrand Gerald (GER)"]
[Black "Gebigke Martin (GER)"]
[Result "1-0"]
[WhiteElo "2259"]
[BlackElo "2169"]

1.d4 Nf6 2.c4 e6 3.Nc3 Bb4 4.e3 c5 5.Ne2 cxd4 6.exd4 d5 7.a3 Be7 8.c5 b6 9.b4
bxc5 10.dxc5 a5 11.Bf4 axb4 12.axb4 Rxa1 13.Qxa1 Nfd7 14.Nb5 e5 15.Bxe5 Nxe5
16.Qxe5 Nc6 17.Qxg7 Rf8 18.Qc3 Bf6 19.Qe3+ Be6 20.Nd6+ Kd7 21.Qa3 Qe7 22.b5
Ne5 23.Qa7+ Kd8 24.Qb8+ Kd7 25.c6+ Nxc6 26.bxc6+ Kxc6 27.Qb4 Qxd6 28.Nd4+ Kd7
29.Bb5+ Ke7 30.Nc6+ Kd7 31.Qa5 Qc7 32.Nb4+ Ke7 {#r} 1-0

[Event "It (open)"]
[Site "masterchessopen.com Biel (Switzerland)"]
[Round "9"]
[White "Milov Vadim (SUI)"]
[Black "Bauer Christian (FRA)"]
[Result "0-1"]
[WhiteElo "2592"]
[BlackElo "2579"]

1.d4 e6 2.c4 Nf6 3.Nc3 Bb4 4.e3 c5 5.Ne2 b6 6.a3 Ba5 7.f3 Nc6 8.d5 Ne5 9.Rb1
b5 10.dxe6 bxc4 11.exd7+ Bxd7 12.Ng3 Rb8 13.Bd2 O-O 14.Be2 Nd3+ 15.Bxd3 cxd3
16.O-O Be6 17.b3 Bc7 18.Na4 Qd6 19.Re1 a5 20.e4 Nd7 21.Bc3 f6 22.Nf1 Rfd8
23.g3 c4 24.b4 Qc6 25.f4 axb4 26.axb4 Ra8 27.b5 Qb7 28.Bd4 Ba5 29.Re3 Nb6
30.Nc5 Qc8 31.f5 Bf7 32.Bxf6 gxf6 33.Qg4+ Kh8 {#R} 0-1

[Event "Tournament (Elo) (b)"]
[Site "masterchessopen.com Budapest (Hungary)"]
[Round "9"]
[White "Koczo Kristof (HUN)"]
[Black "Vargyas Zoltan (HUN)"]
[Result "0-1"]
[WhiteElo "2081"]
[BlackElo "2151"]

1.d4 Nf6 2.c4 e6 3.Nc3 Bb4 4.e3 c5 5.Ne2 cxd4 6.exd4 O-O 7.a3 Be7 8.Nf4 Re8
9.Be2 b6 10.Bf3 Nc6 11.O-O Ba6 12.Qa4 Qc8 13.b4 Bxc4 14.b5 Na5 15.Qc2 Nb3
16.Rb1 Nxd4 17.Qd1 Nxf3+ 18.Qxf3 Bxf1 19.Kxf1 Qc4+ 20.Kg1 Rac8 21.Bb2 Bxa3
22.Ba1 d5 23.Nce2 Qe4 24.Qb3 e5 25.Nc3 Rxc3 26.Bxc3 exf4 27.Ra1 Bc5 {#R} 0-1

[Event "It (open)"]
[Site "masterchessopen.com Dresden (Germany)"]
[Round "8"]
[White "Moor Olivier (SUI)"]
[Black "Meier Volker (GER)"]
[Result "1-0"]
[WhiteElo "2350"]
[BlackElo "2294"]

1.d4 Nf6 2.c4 e6 3.Nc3 Bb4 4.e3 c5 5.Ne2 cxd4 6.exd4 d5 7.c5 Ne4 8.Bd2 Nxd2
9.Qxd2 a5 10.a3 Bxc3 11.Nxc3 a4 12.Bd3 b6 13.cxb6 Qxb6 14.Bc2 Bd7 15.O-O Nc6
16.Rad1 Ne7 17.Rfe1 Qxb2 18.Rxe6 Kf8 19.Re3 Qb8 20.Rde1 Nc8 21.Nxd5 h5 22.Bf5
Qd6 23.Bxd7 Qxd7 24.Re8+ Qxe8 25.Rxe8+ Kxe8 26.Nc7+ Kd7 27.Nxa8 Rh6 28.Qa5 Kc6
29.h4 {#r} 1-0

[Event "Bayern Landesliga North 2001/02"]
[Site "masterchessopen.com Germany"]
[Round "5"]
[White "Giessmann Stephan (GER)"]
[Black "Sinkovics Peter (HUN)"]
[Result "0-1"]
[WhiteElo "2261"]
[BlackElo "2325"]

1.d4 Nf6 2.c4 e6 3.Nc3 Bb4 4.e3 c5 5.Ne2 cxd4 6.exd4 d5 7.a3 Bxc3+ 8.Nxc3 dxc4
9.Bxc4 O-O 10.O-O Nbd7 11.Bg5 Qa5 12.f4 a6 13.d5 Qc5+ 14.Kh1 Qxc4 15.dxe6 fxe6
16.Rc1 b5 {#R} 0-1

[Event "It (open)"]
[Site "masterchessopen.com Helsinki (Finland)"]
[Round "2"]
[White "Hurme Harri M (FIN)"]
[Black "Hytonen Harri (FIN)"]
[Result "1-0"]
[WhiteElo "2269"]
[BlackElo "2084"]

1.d4 Nf6 2.c4 e6 3.Nc3 Bb4 4.e3 c5 5.Ne2 b6 6.a3 Bxc3+ 7.Nxc3 Bb7 8.d5 exd5
9.cxd5 O-O 10.Bd3 d6 11.O-O Na6 12.e4 Nc7 13.Bg5 h6 14.Bh4 g5 15.Bg3 Re8 16.f4
Nh7 17.e5 dxe5 18.fxe5 Nf8 19.d6 Nce6 20.Qh5 {#r} 1-0

[Event "Tournament"]
[Site "masterchessopen.com Helsinki (Finland)"]
[Round "5"]
[White "Hurme Harri M (FIN)"]
[Black "Johansson Jukka (FIN)"]
[Result "0-1"]
[WhiteElo "2269"]
[BlackElo "2134"]

1.d4 Nf6 2.c4 e6 3.Nc3 Bb4 4.e3 c5 5.Ne2 cxd4 6.exd4 d5 7.a3 Be7 8.Nf4 O-O
9.Be3 dxc4 10.Bxc4 a6 11.O-O b5 12.Ba2 Bb7 13.d5 exd5 14.Nfxd5 Nbd7 15.Nxe7+
Qxe7 16.Re1 Rfe8 17.f3 Nc5 18.Bf2 Qc7 19.Qd4 Ne6 20.Qh4 Rad8 21.Rac1 Qb8
22.Rc2 Nd5 23.Ne4 Ndf4 24.Ng5 Nxg5 25.Rxe8+ Rxe8 26.Qxg5 Qd6 27.Bxf7+ Kxf7
28.Qf5+ Kg8 29.h4 Ne2+ 30.Rxe2 Rxe2 31.Bc5 Qd1+ 32.Kh2 Qd8 33.Kg3 Qb8+ {#R}
0-1

[Event "It \"]
[Site "masterchessopen.com La Paz (Bolivia)"]
[Round "13"]
[White "Pecorelli Garcia Humberto (CUB)"]
[Black "Salas Cristian (CHI)"]
[Result "0-1"]
[WhiteElo "2451"]
[BlackElo "2343"]

1.d4 Nf6 2.c4 e6 3.Nc3 Bb4 4.e3 c5 5.Ne2 cxd4 6.exd4 d5 7.a3 Be7 8.cxd5 Nxd5
9.Be3 O-O 10.Nxd5 Qxd5 11.Nc3 Qa5 12.Be2 Bd7 13.O-O Bc6 14.Bf3 Rd8 15.Bxc6
Nxc6 16.Qg4 Rd6 17.Rfd1 Qd8 18.Rd2 Na5 19.Rad1 Nc4 20.Rc2 Rc8 21.h3 Nxb2
22.Rxb2 Rxc3 23.Rxb7 Rxa3 24.Rdb1 Rb6 25.R7xb6 axb6 26.Rf1 b5 27.g3 b4 28.h4
b3 29.Rb1 Qd5 30.Qd1 h5 31.Bc1 Ra4 32.Rxb3 Rxd4 33.Rb8+ Bf8 {#R} 0-1

[Event "It (open)"]
[Site "masterchessopen.com Le Touquet (France)"]
[Round "7"]
[White "Donrault Patrick (FRA)"]
[Black "Inkiov Ventzislav (BUL)"]
[Result "0-1"]
[WhiteElo "2249"]
[BlackElo "2465"]

1.d4 Nf6 2.c4 e6 3.Nc3 Bb4 4.e3 c5 5.Ne2 cxd4 6.exd4 O-O 7.a3 Be7 8.d5 exd5
9.cxd5 Re8 10.Be3 Ng4 11.Bd4 Bf6 12.g3 d6 13.Bg2 Nd7 14.O-O Bxd4 15.Qxd4 Nh6
16.Ne4 Ne5 17.Nf4 Bg4 18.f3 Bf5 19.Nd3 Nxd3 20.Qxd3 Qb6+ 21.Kh1 Bxe4 22.fxe4
Ng4 23.Qf3 Ne5 24.Qe2 Rac8 25.Rac1 a6 26.Bh3 Rxc1 27.Rxc1 g6 28.Qc2 Qe3 29.Bg2
h5 30.Qc3 Nd3 31.Rc2 Nf2+ 32.Kg1 Nh3+ {#R} 0-1

[Event "Ch Netherlands"]
[Site "masterchessopen.com Leeuwarden (Netherlands)"]
[Round "1"]
[White "Van Wely Loek (NED)"]
[Black "Janssen Ruud (NED)"]
[Result "1-0"]
[WhiteElo "2668"]
[BlackElo "2470"]

1.d4 Nf6 2.c4 e6 3.Nc3 Bb4 4.e3 c5 5.Ne2 cxd4 6.exd4 O-O 7.a3 Be7 8.Nf4 d6
9.Be3 e5 10.dxe5 dxe5 11.Nfd5 Nc6 12.Bd3 Ng4 13.Nxe7+ Qxe7 14.Nd5 Qh4 15.Bc5
Rd8 16.g3 Qh3 17.Bf1 Qh6 18.h3 Be6 19.Bg2 Nf6 20.Be3 Qg6 21.O-O Bxd5 22.cxd5
e4 23.d6 Ne8 24.Qd5 Nxd6 25.Bf4 Ne7 26.Qb3 Nef5 27.Rfd1 Qf6 28.Rd5 h5 29.Rad1
g5 30.Be5 Qe6 31.Bxe4 Ne7 32.Bxd6 Rxd6 33.Qxb7 {#r} 1-0

[Event "It (open)"]
[Site "masterchessopen.com Leuven (Belgium)"]
[Round "4"]
[White "Verhaegen Wim (ITA)"]
[Black "Meijers Viesturs (LAT)"]
[Result "0-1"]
[WhiteElo "2124"]
[BlackElo "2427"]

1.d4 Nf6 2.c4 e6 3.Nc3 Bb4 4.e3 c5 5.Ne2 d5 6.a3 Bxc3+ 7.Nxc3 cxd4 8.exd4 dxc4
9.Bxc4 O-O 10.O-O a6 11.Be3 b5 12.Qf3 Ra7 13.d5 Rc7 14.Bb6 bxc4 15.Qg3 e5
16.Qxe5 Nbd7 17.Qxc7 Nxb6 {#R} 0-1

[Event "It (open)"]
[Site "masterchessopen.com Lillet (Spain)"]
[Round "8"]
[White "Martinez Alfonso Jordi (ESP)"]
[Black "Ayas Fernandez Antonio (ESP)"]
[Result "0-1"]
[WhiteElo "2124"]
[BlackElo "2316"]

1.d4 Nf6 2.c4 e6 3.Nc3 Bb4 4.e3 c5 5.Ne2 cxd4 6.exd4 d5 7.a3 Be7 8.c5 b6 9.b4
a5 10.Bf4 O-O 11.Ng3 axb4 12.axb4 Rxa1 13.Qxa1 Nc6 14.Na2 bxc5 15.bxc5 Qa5+
16.Bd2 Nxd4 17.Bxa5 Nc2+ 18.Kd2 Nxa1 19.Kc3 Bd7 20.Ba6 Ra8 21.Nb4 Bc8 22.Bb6
Nd7 23.Nc6 Bf6+ {#R} 0-1

[Event "Ch Poland (1/2 final)"]
[Site "masterchessopen.com Lubniewice (Poland)"]
[Round "6"]
[White "Paterek Michal (POL)"]
[Black "Liwak Przemyslaw (POL)"]
[Result "1-0"]
[WhiteElo "2242"]
[BlackElo "2296"]

1.d4 Nf6 2.c4 e6 3.Nc3 Bb4 4.e3 c5 5.Ne2 cxd4 6.exd4 d5 7.a3 Be7 8.c5 O-O 9.g3
b6 10.b4 a5 11.Rb1 axb4 12.axb4 bxc5 13.dxc5 e5 14.Bg2 Bb7 15.f4 e4 16.O-O Ba6
17.Be3 Bd3 18.Rb3 Nc6 19.Nd4 Nxd4 20.Bxd4 Bxf1 21.Bxf1 Ne8 22.Be5 Nf6 23.Qd4
Qd7 24.b5 Qe6 25.c6 Ra1 26.Kg2 Rfa8 27.b6 Bd6 28.Bxd6 Qxd6 29.b7 Rd8 30.Qe5
{#r} 1-0

[Event "Ch Club Estacada"]
[Site "masterchessopen.com Montevideo (Uruguay)"]
[Round "8"]
[White "Saralegui Mario (URU)"]
[Black "Curi Gabriel (URU)"]
[Result "1-0"]
[WhiteElo "2170"]
[BlackElo "2271"]

1.d4 e6 2.c4 Nf6 3.Nc3 Bb4 4.e3 c5 5.Ne2 cxd4 6.exd4 O-O 7.a3 Be7 8.Nf4 d5
9.cxd5 Nxd5 10.Ncxd5 exd5 11.Bd3 Nc6 12.O-O Bf6 13.Be3 g6 14.Bc2 Ne7 15.Qf3
Qb6 16.Rfd1 Bg7 17.b4 Be6 18.Rac1 Rac8 19.Nxe6 fxe6 20.Qg4 Rc3 21.Bb1 Rxa3
22.Bg5 Nf5 23.Bxf5 Rxf5 24.Rc8+ Rf8 25.Rxf8+ Bxf8 26.h4 Qc6 27.Rc1 Qd7 28.Bf4
Qf7 29.Rc8 Ra1+ 30.Kh2 h5 31.Qg5 Ra6 32.Be5 {#r} 1-0

[Event "Ch Russia (club) (1 liga)"]
[Site "masterchessopen.com Omsk (Russia)"]
[Round "5"]
[White "Belozerov Andrei (RUS)"]
[Black "Zemerov Vladimir (RUS)"]
[Result "1-0"]
[WhiteElo "2526"]
[BlackElo "2325"]

1.d4 Nf6 2.c4 e6 3.Nc3 Bb4 4.e3 c5 5.Ne2 cxd4 6.exd4 O-O 7.a3 Be7 8.Nf4 d5
9.Be3 Nc6 10.cxd5 exd5 11.Bd3 Re8 12.O-O Bd6 13.h3 Ne7 14.Nh5 Nxh5 15.Qxh5 g6
16.Qf3 Be6 17.Bg5 a6 18.Bc2 Rc8 19.Ba4 b5 20.Bb3 Qd7 21.Rfe1 Nf5 22.Rad1 Bf8
23.g4 Nxd4 24.Rxd4 Bxg4 25.hxg4 Rxe1+ 26.Kg2 Bg7 27.Rxd5 Qe8 28.Rd6 h6 29.Bd2
Re7 30.Rxg6 Kh7 31.Rxa6 {#r} 1-0

[Event "It (cat.4)"]
[Site "masterchessopen.com Opatija (Croatia)"]
[Round "7"]
[White "Sitnik Igor (SLO)"]
[Black "Bistric Faruk (BIH)"]
[Result "0-1"]
[WhiteElo "2258"]
[BlackElo "2509"]

1.d4 Nf6 2.c4 e6 3.Nc3 Bb4 4.e3 c5 5.Ne2 cxd4 6.exd4 O-O 7.a3 Be7 8.Nf4 d5
9.Be3 Nc6 10.cxd5 Nxd5 11.Ncxd5 exd5 12.Bd3 Bd6 13.Qh5 g6 14.Qf3 Be6 15.h4 Qf6
16.Ne2 Qxf3 17.gxf3 Rac8 18.f4 Ne7 19.Ng3 Bd7 20.h5 a6 21.Kd2 Kg7 22.Rag1 Kf6
23.f5 Bxg3 24.fxg3 Nxf5 25.g4 Nxe3 26.Kxe3 Rce8+ 27.Kd2 {#R} 0-1

[Event "It (open)"]
[Site "masterchessopen.com Pardubice (Czech Republic)"]
[Round "7"]
[White "Hedman Erik (SWE)"]
[Black "Medvegy Zoltan (HUN)"]
[Result "0-1"]
[WhiteElo "2336"]
[BlackElo "2513"]

1.d4 Nf6 2.c4 e6 3.Nc3 Bb4 4.e3 c5 5.Ne2 b6 6.a3 Ba5 7.Rb1 Na6 8.Bd2 O-O 9.d5
d6 10.f3 Nh5 11.h4 f5 12.dxe6 Bxe6 13.b3 Qe7 14.Kf2 Rad8 15.Qc2 Bxc3 16.Bxc3
Nc7 17.Nf4 Nxf4 18.exf4 d5 19.Be5 d4 20.g4 fxg4 21.Bd3 h5 22.Rbe1 Ne8 23.Bg6
Qd7 24.Bxh5 Nf6 25.Bg6 d3 26.Qd2 Bf5 27.h5 gxf3 28.Bxf5 Qxf5 29.Bxf6 Qxf6
30.Re4 Qf5 31.Kg3 Rd4 32.Qe3 Qf6 33.Rh2 Qc6 {#R} 0-1

[Event "Cup Tan Chin Nam"]
[Site "masterchessopen.com Qingdao (China)"]
[Round "3"]
[White "Epishin Vladimir (GER)"]
[Black "Nguyen Anh Dung (VIE)"]
[Result "0-1"]
[WhiteElo "2626"]
[BlackElo "2530"]

1.d4 Nf6 2.c4 e6 3.Nc3 Bb4 4.e3 c5 5.Ne2 b6 6.a3 Ba5 7.Rb1 Na6 8.Bd2 O-O 9.Ng3
Bb7 10.Bd3 Bxg2 11.Rg1 Bb7 12.b4 cxb4 13.Nce4 Bxe4 14.Nxe4 bxa3 15.Bxa5 bxa5
16.Nxf6+ Qxf6 17.Qh5 Rfb8 18.Bxh7+ Kf8 19.Qxa5 g6 20.Ke2 Qf5 21.Qxa3+ Kg7
22.Bxg6 fxg6 23.Qe7+ Kg8 24.Qxd7 Rxb1 25.Rxb1 Qc2+ {#R} 0-1

[Event "Cup Russia (open)"]
[Site "masterchessopen.com Samara (Russia)"]
[Round "2"]
[White "Pavlov Denis Jr (RUS)"]
[Black "Shestoperov Aleksej (RUS)"]
[Result "0-1"]
[WhiteElo "2263"]
[BlackElo "2464"]

1.d4 Nf6 2.c4 e6 3.Nc3 Bb4 4.e3 c5 5.Ne2 b6 6.a3 Ba5 7.d5 Bb7 8.Rb1 Na6 9.Bd2
O-O 10.e4 exd5 11.cxd5 Re8 12.f3 c4 13.Kf2 Nc5 14.Ng3 b5 15.Be3 Bb6 16.Nf5 d6
17.b4 Nfxe4+ 18.fxe4 Nxe4+ 19.Nxe4 Rxe4 20.g4 Rxe3 21.Nxe3 Qf6+ 22.Qf3 Bxe3+
23.Kxe3 Re8+ 24.Kf2 Qd4+ 25.Kg3 Re3 26.Bg2 Bxd5 27.Rbe1 Qe5+ {#R} 0-1

[Event "Ch St. Petersburg (1/2 final)"]
[Site "masterchessopen.com St. Petersburg (Russia)"]
[Round "9"]
[White "Shchukin Dmitry (RUS)"]
[Black "Ivanov Mikhail I (RUS)"]
[Result "1-0"]
[WhiteElo "2412"]
[BlackElo "2351"]

1.d4 Nf6 2.c4 e6 3.Nc3 Bb4 4.e3 c5 5.Ne2 cxd4 6.exd4 d5 7.c5 Ne4 8.Bd2 Nxd2
9.Qxd2 a5 10.a3 Bxc3 11.Nxc3 a4 12.Bb5+ Bd7 13.O-O O-O 14.f4 Bxb5 15.Nxb5 g6
16.Rf3 Nc6 17.Rd1 b6 18.f5 exf5 19.Qh6 Qf6 20.cxb6 Rfd8 21.Rh3 Qg7 22.Qxg7+
Kxg7 23.Rc3 Na5 24.Rc7 Rab8 25.Nc3 Rxb6 26.Nxa4 Rb3 27.Nc5 Rdb8 28.Nxb3 Rxb3
29.Re1 Kf6 30.Re2 g5 31.Rc5 Nc4 32.Rc6+ {#r} 1-0